East African agriculture and climate change : (Record no. 18474)

000 -LEADER
fixed length control field 00696cam a22002058a 4500
020 ## - INTERNATIONAL STANDARD BOOK NUMBER
ISBN 9780896292055 (pbk. : alk. paper)
040 ## - CATALOGING SOURCE
Transcribing agency DNAL
082 00 - DEWEY DECIMAL CLASSIFICATION NUMBER
Classification number 334 INT 2013 C146 Or.
245 00 - TITLE STATEMENT
Title East African agriculture and climate change :
Remainder of title a comprehensive analysis /
260 ## - PUBLICATION, DISTRIBUTION, ETC. (IMPRINT)
Place of publication Washington, DC :
Name of publisher International Food Policy Research Institute,
Year of publication c 2013.
300 ## - PHYSICAL DESCRIPTION
Number of Pages xxx, 402 p. :
Other physical details col. ill., col. maps ;
Dimensions 23 cm.
490 1# - SERIES STATEMENT
Series statement Climate change in Africa
650 #0 - SUBJECT ADDED ENTRY--TOPICAL TERM
Topical Term Agriculture
650 #0 - SUBJECT ADDED ENTRY--TOPICAL TERM
Topical Term Climatic changes
650 #0 - SUBJECT ADDED ENTRY--TOPICAL TERM
Topical Term Land degradation
650 #0 - SUBJECT ADDED ENTRY--TOPICAL TERM
Topical Term Forests and forestry
700 1# - ADDED ENTRY--PERSONAL NAME
Personal name Waithaka, Michael.
710 2# - ADDED ENTRY--CORPORATE NAME
Corporate name or jurisdiction name as entry element International Food Policy Research Institute.
942 ## - ADDED ENTRY ELEMENTS (KOHA)
Koha item type ADB
952 ## - LOCATION AND ITEM INFORMATION (KOHA)
Withdrawn status [LOCAL, KOHA] 0
Holdings
Source of acquisition Permanent Location Date acquired Koha item type Lost status Shelving location Current Location Full call number
a34528Library Block C2019-12-09សៀវភៅភាសាអង់គ្លេស C146Library Block C334 INT 2013 C146 Or.
មជ្ឈមណ្ឌលឯការនៃសាកលវិទ្យាល័យភូមិន្ទកសិកម្មចំការដូង

Powered by Koha